Statistics for Countries 2 Borders Away: Spain

Click here to take the quiz!

General Stats

  • This quiz has been taken 16 times
    (3 since last reset)
  • The average score is 11 of 13

Answer Stats

Country% Correct
Algeria
100%
Belgium
100%
Germany
100%
Italy
100%
Luxembourg
100%
Mauritania
100%
Monaco
100%
Netherlands
100%
Switzerland
100%
Brazil
67%
Ireland
67%
Suriname
67%
Cyprus
0%

Score Distribution

Percentile by Number Answered

Percent of People with Each Score

Your Score History

You have not taken this quiz since the last reset